Normal view
MARC view
Entry Personal Name
001 - CONTROL NUMBER
- control field: 42478
003 - CONTROL NUMBER IDENTIFIER
- control field: ARRUPE
005 - DATE AND TIME OF LATEST TRANSACTION
- control field: 20180924101223.0
008 - FIXED-LENGTH DATA ELEMENTS
- fixed length control field: 180924|| aca||aabn | a|a d
040 ## - CATALOGING SOURCE
- Original cataloging agency: ARRUPE
- Transcribing agency: ARRUPE
100 ## - HEADING--PERSONAL NAME
- Personal name: Simpson, D. P.
- Relator term: ed.
670 ## - SOURCE DATA FOUND
- Source citation: Work cat.: (ARRUPE)0: Simpson, D (ed.) 42475, Cassell's new compact Latin-English, English-Latin dictionary /, [1964, c1963]